Was ist Multimedia? eine allgemeinverständliche Einführung
Guardado en:
| Autor principal: | |
|---|---|
| Formato: | Libro |
| Lenguaje: | alemán |
| Publicado: |
München
Hanser
1993
|
| Etiquetas: |
Sin Etiquetas, Sea el primero en etiquetar este registro!
|
MARC
| LEADER | 00000nam$a2200000$$$4500 | ||
|---|---|---|---|
| 001 | 0146602 | ||
| 005 | 20240111124517.1 | ||
| 041 | 0 | |a ger | |
| 044 | |a DE | ||
| 245 | 1 | 0 | |a Was ist Multimedia? |b eine allgemeinverständliche Einführung |c Calogero Messina |
| 264 | 1 | |a München |b Hanser |c 1993 | |
| 300 | |a 324 s. | ||
| 100 | 1 | |a Messina, Calogero | |